01345cam a2200277 i 4500999001500000001000800015003000700023005001700030008004100047020003800088040002200126042000900148084002000157090001800177100001400195245013600209246005800345246002600403250001100429260003500440300004100475504002000516650002500536942001600561952049000577 c7236d72361049552YEEZEN20211227125618.0 0925s2020 ch ak g b 000 0 chi d a9789861945606q(平裝) :cNT$550 aTWTNMbchicTWTNM anbic a419.8242ncsclt a419.824b87631 a張佳琪10a老年護理學 :b照護理論與應用 = Gerontological nursing : theory and practice of care /c張佳琪(Chang, Chia-Chi)等作31aGerontological nursing : theory and practice of care.30a照護理論與應用 a一版 a臺北市 :b華杏,c2020.05. a[16], 469面 :b圖, 表 ;c26公分 a含參考書目 7a老年護理2lcstt. 2cclcLNTERM 00102ccl4070ayeezenbyeezencN028d2021-12-27l12m6o419.824pC02823q2026-06-30r2026-01-02 00:00:00s2026-01-02w2021-12-27yLNTERMz臺灣已正式進入高齡社會,長者照護成為不可忽視的重要議題。老年護理學的範疇含括老年人的全人健康、功能評估、照護計畫與執行、照護措施等。本書以護理與長期照護人員的角度,說明常見情況的案例分享與照護技巧,並論及家庭照顧者的需求與資源......